Illumination engineering,

Gardado en:
Detalles Bibliográficos
Autor Principal: Schilling, Eugene Washburn, 1897-
Formato: Libro
Idioma:English
Publicado: Scranton, Pa., International Textbook Company, 1940.
Etiquetas: Engadir etiqueta
Sen Etiquetas, Sexa o primeiro en etiquetar este rexistro!

MARC

LEADER 00000nam a2200000Ia 4500
003 002035
005 20221231143945.0
008 140114s1940 paua 000 ||eng d
040 |c cru CEDI 
082 |a 621.321 S356i 
100 |a Schilling, Eugene Washburn, 1897-  |9 21164 
245 |a Illumination engineering, 
260 |a Scranton, Pa., International Textbook Company,   |c 1940. 
300 |a  2 p. l., iii-ix p., 1 l., 294 páginas: ilustraciones., tablas, diagramas. 22 cm. 
942 |2 ddc  |c BK 
999 |c 14788  |d 14788